|
|
|
|
| LEADER |
01366ppm a22003138a 4500 |
| 001 |
00035032 |
| 005 |
20171026081023.0 |
| 008 |
161114s2016 ||||||Viesd |
| 041 |
0 |
# |
|a Vie
|
| 082 |
1 |
4 |
|b QU105L
|a 378.1
|
| 100 |
1 |
# |
|a Trần, Thanh Thúy
|
| 245 |
0 |
0 |
|a Quản lý bồi dưỡng năng lực tư vấn cho cố vấn học tập của khoa ở Trường Đại học Đồng Tháp
|b Luận văn thạc sĩ khoa học Giáo dục. Chuyên ngành: Quản lý Giáo dục. Mã số: 60.14.01.14
|c Trần Thanh Thúy; Phạm Hữu Ngãi (Hướng dẫn)
|
| 260 |
# |
# |
|a Đồng Tháp
|b Đại học Đồng Tháp
|c 2016
|
| 300 |
# |
# |
|a 110 tr. +phụ lục
|c 30cm.
|e 1 bản tóm tắt
|
| 500 |
# |
# |
|a ĐTTS ghi: Bộ giáo dục và đào tạo. Trường Đại học Đồng tháp
|
| 653 |
# |
# |
|a Cố vấn học tập
|
| 653 |
# |
# |
|a Luận văn
|
| 653 |
# |
# |
|a Đại học Đồng Tháp
|
| 653 |
# |
# |
|a Tư vấn
|
| 653 |
# |
# |
|a Quản lý giáo dục
|
| 700 |
1 |
# |
|a Phạm, Hữu Ngãi
|e Hướng dẫn
|
| 852 |
# |
# |
|j LV.0000702
|j LV.0001668
|
| 852 |
# |
# |
|b Kho đọc SĐH
|j LV.0000702
|
| 852 |
# |
# |
|b Kho đọc SĐH
|
| 910 |
0 |
# |
|d 14/11/2016
|
| 980 |
# |
# |
|a Trung tâm Học liệu Lê Vũ Hùng, Trường Đại học Đồng Tháp
|